000 00890nam a2200289Ia 4500
003 OSt
005 20221006142105.0
006 a|||||r|||| 00| 0
007 ta
008 221006b |||||||| |||| 00| 0 eng d
020 _a8120800621
_c125.00
024 _a5,237
037 _cTextual
040 _aEASL
_cEASL
_beng
041 _2eng
_aeng
082 _aQ4:447w, M6
100 _aCHING I
245 0 _aChinese monks in India
_b Bibliography of eminent monks who went to the Western world in search of the law during the great T'ang Dynasty
260 _aDelhi
_bMotilal Banarsidass India
_c1986
300 _a160p.
_ccm.
490 _v CEL
_aBuddhist Traditions
650 _a CEL
650 _aMonks - Chinese
_9646867
700 _a LAHIRI Latika Tr.
_9646868
942 _hQ4:447w, M6
_cTEXL
_2CC
999 _c1073323
_d1073323